Osudové okamžiky /
Uložené v:
| Hlavný autor: | |
|---|---|
| Ďalší autori: | |
| Médium: | Kniha |
| Jazyk: | Czech English |
| Vydané: |
Praha :
Grada,
2013.
|
| Vydanie: | 1. vyd. |
| Témy: | |
| ISBN: |
9788024739588 (brož.) |
| Fyzický popis: |
230 s. : portréty ; 21 cm. |
| Tagy: |
Pridať tag
Žiadne tagy, Buďte prvý kto otaguje tento záznam!
|
Titul je dostupný aj v ... 

MARC
| LEADER | 00000nam a2200000 a 4500 | ||
|---|---|---|---|
| 001 | 000417721 | ||
| 005 | 20130911110606.0 | ||
| 008 | 130201s2013 xr c e f 000 0 cze d | ||
| 020 | |a 9788024739588 (brož.) | ||
| 040 | |a SVKKK |b slo |c SVKKK |e AACR2 | ||
| 041 | 1 | |a cze |h eng | |
| 044 | |a xr |c CZ | ||
| 072 | 7 | |a 159.92 |x Vývinová psychológia. Individuálna psychológia |2 konspekt | |
| 080 | |a 165.242.1 |2 2001 | ||
| 080 | |a 159.923.5 |2 2001 | ||
| 080 | |a 159.923.2 |2 2001 | ||
| 080 | |a 316.648.4 |2 2001 | ||
| 080 | |a 615.851 |2 2001 | ||
| 080 | |a 124.6 |2 2001 | ||
| 080 | |a 123.11 |2 2001 | ||
| 080 | |a 17.02 |2 2001 | ||
| 080 | |a (0.062) |2 2001 | ||
| 100 | 1 | |a Hay, Louise L., |d 1926- | |
| 240 | 1 | 4 | |a The times of our lives. |l Česky |
| 245 | 1 | 0 | |a Osudové okamžiky / |c Louise L. Hayová ; [přeložil Jakub Marek]. |
| 250 | |a 1. vyd. | ||
| 260 | |a Praha : |b Grada, |c 2013. | ||
| 300 | |a 230 s. : |b portréty ; |c 21 cm. | ||
| 500 | |a Preklad z angl. orig. | ||
| 500 | |a Údaj o prekl. prevzatý z rubu titul. strany | ||
| 650 | 0 | 7 | |a sebapoznanie |2 SVKKKPH |
| 650 | 0 | 7 | |a sebavýchova |2 SVKKKPH |
| 650 | 0 | 7 | |a sebaprijímanie |2 SVKKKPH |
| 650 | 0 | 7 | |a zmena postoje |2 SVKKKPH |
| 650 | 0 | 7 | |a sebauzdravovanie |2 SVKKKPH |
| 650 | 0 | 7 | |a pozitivné myslenie |2 SVKKKPH |
| 650 | 0 | 7 | |a osud |2 SVKKKPH |
| 650 | 0 | 7 | |a životná harmónie |2 SVKKKPH |
| 655 | 7 | |a populárno-náučné publikácie |2 SVKKKPH | |
| 700 | 1 | |a Marek, Jakub |4 trl | |
| 765 | 0 | |t Times of our lives. Česky |a Hay, Louise L., 1926- | |
| 910 | |a svkkk | ||
| 919 | |a 978-80-247-3958-8 | ||
| 998 | |a BK | ||
| 090 | |g SCKHL |k Sklad Hlavná 10 prízemie |a III.226137 |j 1045370 |i 2720296279 |s Absenčne | ||